| 000 | 01615nam a22002417a 4500 | ||
|---|---|---|---|
| 003 | DO-SdBNP | ||
| 005 | 20220126144202.0 | ||
| 007 | ta | ||
| 008 | 210716b 2018 dr a 00| 0 eng d | ||
| 020 | _a9789945169058 | ||
| 040 |
_aDO-SdBNP _bspa _cBNPHU |
||
| 100 | 1 |
_aRodríguez, Aurín _976206 |
|
| 245 | 1 | 0 |
_aAdministrando sabiamente nuestras finanzas / _cAurín Rodríguez ; prólogos Caonex Peguero, Adrián Guzmán. |
| 260 |
_aSanto Domingo : _bDiez Veces Mas Group, _c2018. |
||
| 300 |
_a142 p. : _bil. ; _c21 cm. |
||
| 500 | _aIncluye datos biográficos de la autora en la contracubierta. | ||
| 505 | 0 | _aPalabras de la autora, 7.-- Agradecimientos, 9.-- Prólogo / Caonex Peguero, 11.-- Prólogo / Adrián Guzmán, 13.-- Introducción, 15.-- Prosperador por obediencia, 21.-- Prosperados con propósito, 25.-- Conceptos básicos de mayordomía financiera, 29.-- Cinco características de un buen mayordomo, 35.-- Cómo los buenos mayordomos ponen los bienes a producir, 43.-- ¿Cómo iniciar mi presupuesto?, 53.-- ¿Qué pasa con mi dinero?, 59.-- El ahorro, 67.-- Invierte los beneficios obtenidos de los ahorros, 79.-- Las deudas, 87.-- Nuestra actitud hacia los necesitados, 95.-- Cómo ayudar a otros a prosperar en Dios, 103.-- La generosidad y el amor preparan el espacio para lo que esperas, 107.-- Cuando seas prosperado por Dios, 117.-- Finanzas en pareja, 123.-- ¿Cuánto dinero puedo llegar a tener?, 139. | |
| 590 | _aInventariado, 2021 /LP | ||
| 700 | 1 |
_aPeguero, Caonex, _eprólogo _979258 |
|
| 700 | 1 |
_aGuzmán, Adrián, _eprólogo _979259 |
|
| 910 | _aLopérez. | ||
| 942 |
_2ddc _cLBS1 |
||
| 999 |
_c50125 _d50125 |
||